000 00490nam a22001817a 4500
003 OSt
005 20260203140451.0
008 260203b |||||||| |||| 00| 0 eng d
020 _a9789394525399
040 _cCBS PUB
082 _25
_a612
_bKUM
100 _aKUMAR S. K
245 _aCRISP:COMPLET REVIEW OF INTEGRADED SYSTEMS PHYSIOLOGY.
260 _aB.M.S.G.B PUNE
_bCBS PUB
_c2022
300 _aXVI;PB;492
500 _aBILL NO - 6409 DATE - 13/01/2026
942 _2ddc
_cTB
_e5
_n0
999 _c1215345
_d1215345